000
00295nam a2200121Ia 4500
005
20251222140042.0
008
251222s1900||||xx |||||||||||||| ||spa||
020
_a
84-348-1473-0
082
_a
173/G77
100
_a
"Gracias Guillen, Diego"
245
0
_a
ética de la calidad de vida
942
_c
LIB
999
_c
3303
_d
3303